Štúdium vplyvu zmäkčovadla na vlastnosti polymérnych zmesí PLA/PHB diplomová práca

Na minha lista:
Detalhes bibliográficos
Autor principal: Michal Valko
Formato: Livro
Idioma:eslovaco
Publicado em: Bratislava STU FCHPT 2017
Acesso em linha:View in OPAC
Tags: Adicionar Tag
Sem tags, seja o primeiro a adicionar uma tag!

MARC

LEADER 00000nam a2200000 a 4500
005 20260127134041.0
008 170911 2017 xo 001 0 slo d
035 |a vtls011710415 
039 9 |y 201709111337  |z mschk03 
040 |a STUSCHK1  |b slo  |c STUSCHK1  |e AACR2 
100 1 |a Michal Valko 
245 1 |a Štúdium vplyvu zmäkčovadla na vlastnosti polymérnych zmesí PLA/PHB  |b diplomová práca  |c Michal Valko 
260 |a Bratislava  |b STU FCHPT  |c 2017 
300 |a 81 s.  |b il.  |c 25 cm 
500 |a Študijný program: prírodné a syntetické polyméry 
500 |a Študijný odbor: plasty, kaučuk a vlákna 
500 |a Školiace pracovisko: Oddelenie plastov, kaučuku a vlákien 
500 |a Evid.číslo: FCHPT-13576-61004 
910 |a SCHK95 
999 |c 2911  |d 2911